000 00691nam a2200253Ia 4500
003 OSt
005 20221007103522.0
006 a|||||r|||| 00| 0
007 ta
008 221006b |||||||| |||| 00| 0 eng d
024 _a13,409
037 _cTextual
040 _aLCO
_cLCO
_beng
041 _2eng
_aeng
082 _aZ(Q2),324, M3
100 _aMukherjea B.K.
_9684543
245 0 _aHindu Law of Religious and Charitable Trusts
250 _a5th
260 _aCalcutta
_bEastern Law House India
_c1983
300 _a608
650 _aHindu Law and Charitable Trust
_9705160
942 _hZ(Q2),324, M3
_cTEXL
999 _c1182972
_d1182972